000 00946 a2200181 4500
003 Nust
005 20230126115831.0
020 _a0470260847
040 _cNust
082 _a658.1552,POR
100 _aPorter
_9107746
245 _aIntegrating the Computer with your Business /
_cPorter and Chapple
260 _aNew York
_bJohn Wiley
_c1980
300 _a308 p.;
505 _aWhat seems to be the Problem (Page-15), To Charge or not to Charge (Page-28), Computer services planning (Page-39), Project authorization (Page-46), The Structure of systems and Projects (Page-63), User Management and Control of systems (Page-86), Project Accounting (Page-119), Accounting for computer operation costs (Page-172), Finical and Management accounts (Page-196), Finical modeling and aid to planning (Page-232), Distrusted processing (Page-259), And Now (Page-295).
650 _a Computer with your Business
_9107747
942 _2ddc
_cBK
_k658.1552,POR
999 _c186028
_d186028